Statistics for Football Trivia 2

Click here to take the quiz!

General Stats

  • This quiz has been taken 20 times
  • The average score is 5 of 10

Answer Stats

QuestionHintAnswer% Correct
Who Scored The Equaliser For Chelsea In The 2012 Champions League Final?He Left A Few Months LaterDidier Drogba
94%
In What Year Was Robbie Savage Hit In The Face By A Referee?It Was In The 00's2003
67%
Which Player Is Famous For Celebratng With The Robot?He Is Currently Playing For StokePeter Crouch
67%
Which Family Own Manchester United?They Are AmericanThe Glazers
61%
Who Won Ligue 1 In 2012?Their Star Player Is Younes BelhandaMontpellier
56%
Who Scored Manchester City's Opener In The Final Game Of The Season Against QPR?He Is A DefenderPablo Zabaleta
56%
Who Is The Most Expensive Manager In The History Of The Premier League?He Is PortugeseAndre Villas Boas
50%
Which Two Players Did Zenit Sign In The 2012 Summer Window For A Combined Amount Of 64M?They Both Came From The Portugese LeagueHulk/Alex Witsel
28%
In 1998 Scunthorpe Were The First Football League Team To Relocate Since 1955.Who Relocated In 1955?They Are Currently In League 2Southend United
6%
Who Is Roy Hodgson's Assistant For England?They Were Appointed Just Before Euro 2012Ray Lewington
0%

Score Distribution

Percentile by Number Answered

Percent of People with Each Score

Your Score History

You have not taken this quiz